[Event "Mittelrhein-chT 1112"]
[Site "Germany"]
[Date "2012.03.18"]
[Round "10.3"]
[White "Hess, Christian1111"]
[Black "Botvinnik, July"]
[Result "0-1"]
[WhiteElo "2097"]
[BlackElo "1994"]
[PlyCount "112"]
[EventDate "2011.09.11"]
[EventType "team-tourn"]
[EventRounds "13"]
[EventCountry "GER"]
[SourceTitle "EXT 2013"]
[Source "ChessBase"]
[SourceDate "2012.11.22"]
[SourceVersion "1"]
[SourceVersionDate "2012.11.22"]
[SourceQuality "1"]
[WhiteTeam "Langenfeld II"]
[BlackTeam "Koeln Muelheim"]
[WhiteTeamCountry "GER"]
[BlackTeamCountry "GER"]

1. e4 e6 2. d4 d5 3. e5 f5 4. exf6 Nxf6 5. f4 c5 6. c3 Nc6 7. Nf3 Qb6 8. a3 Bd7 9. b4 c4 10. a4 a6 11. Be2 Be7 12. 0-0 0-0 13. Kh1 Rae8 14. Nbd2 Bc8 15. Ne5 Nd8 16. Qe1 Nf7 17. Ndf3 Nd6 18. Ng5 h6 19. Nh3 Nfe4 20. Bh5 Rd8 21. Ng6 Bf6 22. Nxf8 Rxf8 23. Nf2 Bh4 24. g3 Bxg3 25. hxg3 Nxg3+ 26. Kh2 Nxh5 27. Rg1 Nf5 28. Ng4 Qd8 29. Ne5 Qh4+ 30. Qxh4 Nxh4 31. Rg4 Nf5 32. a5 Nf6 33. Rg1 Ne4 34. Bb2 Nfd6 35. Raf1 Rf5 36. Rg4 Rh5+ 37. Kg2 Nf5 38. Re1 Rh4 39. Rxh4 Nxh4+ 40. Kh3 Nf5 41. Nxc4 Nf2+ 42. Kg2 Nd3 43. Nb6 Nxe1+ 44. Kf1 Nd3 45. Ba3 Nd6 46. b5 Nxb5 47. Bc5 Nxc5 48. dxc5 Nxc3 49. Nxc8 Ne4 50. c6 bxc6 51. Ne7+ Kf7 52. Nxc6 Nc5 53. Kf2 Kf6 54. Ke3 Nb7 55. Kf3 g5 56. fxg5+ hxg5 0-1

[Event "Regionalliga Mittelrhein 1011"]
[Site "Germany"]
[Date "2011.01.16"]
[Round "4.6"]
[White "Botvinnik, July"]
[Black "Klasen, Hendrik"]
[Result "0-1"]
[WhiteElo "2062"]
[BlackElo "1905"]
[PlyCount "108"]
[EventDate "2010.10.24"]
[EventType "team"]
[EventRounds "9"]
[EventCountry "GER"]
[SourceTitle "EXT 2015"]
[Source "ChessBase"]
[SourceDate "2014.11.20"]
[SourceVersion "1"]
[SourceVersionDate "2014.11.20"]
[SourceQuality "1"]
[WhiteTeam "Koeln Muelheim"]
[BlackTeam "Horrem"]
[WhiteTeamCountry "GER"]
[BlackTeamCountry "GER"]

1. d4 Nf6 2. Nc3 d5 3. Bg5 Bf5 4. f3 Nbd7 5. Nxd5 Nxd5 6. e4 h6 7. Bd2 e5 8. Ne2 Bxe4 9. fxe4 Qh4+ 10. Ng3 N5f6 11. Qf3 exd4 12. 0-0-0 Qg4 13. Qb3 Nc5 14. Qc4 0-0-0 15. e5 Nd5 16. Be2 Qe6 17. Qxd4 Ne3 18. Qxe3 Qxa2 19. Qa3 Nb3+ 20. cxb3 Bxa3 21. bxa3 Qxa3+ 22. Kc2 Qa2+ 23. Kc3 Qa5+ 24. Kc2 Qxe5 25. Bc3 Qc5 26. Rhf1 Rxd1 27. Rxd1 Re8 28. Kb2 f6 29. Bh5 Rf8 30. Bf3 c6 31. Bd4 Qa5 32. Bc3 Qc7 33. Bg4+ Kb8 34. Rd7 Qf4 35. Rd4 Qf2+ 36. Rd2 Qb6 37. Nf5 g6 38. Ne7 c5 39. Nd5 Qc6 40. Nxf6 Kc7 41. Be5+ Kb6 42. Nd7+ Ka5 43. Kc3 Qe4 44. Bc7+ Kb5 45. Ne5 Qe3+ 46. Kc2 Rf2 47. Bd7+ Ka6 48. Rxf2 Qxf2+ 49. Kc3 Qxg2 50. h3 Qd5 51. Kc2 Qe4+ 52. Kc3 Qd4+ 53. Kc2 b6 54. Bd8 Qxe5 0-1